01339nab a22002177a 4500003000400000005001700004008004100021040000700062100002500069245010400094300001500198500003700213505043800250505016600688650002300854650002700877650001400904650002400918650002900942773015000971OSt20260101193216.0190514b xxu||||| |||| 00| 0 spa d cPJ aFerrero, Cecilia M. 10aNuevas voluntades para responder viejas preguntas : b¿quién es el padre? /cCecilia M. Ferrero. ap. 115-125 aCita: TR LALEY AR/DOC/3255/2024. aSumario: I. Reseña del fallo.— II. Introducción.— III. Acción de filiación en el Cód. Civil. Reclamación de filiación y derecho a la identidad.— IV. La filiación binaria y la pluriparentalidad.— V. Distintas respuestas doctrinarias y judiciales para el reconocimiento de la triple filiación.— VI. Posición normativa del fallo bajo estudio.— VII. Legitimación para obrar.— VIII. A modo de cierre.  aFallo comentado: GEJUAF Godoy Cruz ~ 13/06/2024 ~ Octava Asesoría de Menores e Incapaces en representacion de D. L. C. M. J. s/ acción de triple filiación. 0aDERECHO DE FAMILIA 0aDERECHO A LA IDENTIDAD 0aFILIACION 0aLEGITIMACION ACTIVA 0aJURISPRUDENCIA APLICABLE0 02844dBuenos Aires : AbeledoPerrot, 1989-tDerecho de familia. Revista Interdisciplinaria de doctrina y jurisprudencia. Febrero 2025-I.z18511201